Statistiken für Länder Europas auf einer topologischen Karte

Klicken Sie hier um das Quiz zu spielen!

Allgemein

  • Dieses Quiz wurde 298 mal gespielt
  • Das Durchschnittsergebnis liegt bei 25 aus 41

Antworten auf der Karte

Die Antworten werden auf der Karte rot bzw. grün angezeigt, abhängig davon wie oft sie richtig erraten wurden.
 

Antwortstatistiken

Antwort% Korrekt
Italien
76%
Russland
75%
Deutschland
74%
Vatikanstadt
74%
Frankreich
73%
Dänemark
71%
Monaco
70%
Spanien
69%
Andorra
68%
Liechtenstein
68%
Österreich
68%
San Marino
68%
Schweiz
68%
Polen
66%
Portugal
66%
Belgien
65%
Luxemburg
65%
Ukraine
65%
Niederlande
64%
Estland
63%
Tschechien
63%
Moldawien
62%
Griechenland
61%
Litauen
61%
Lettland
60%
Belarus
59%
Rumänien
59%
Slowakei
59%
Slowenien
59%
Bulgarien
58%
Kroatien
58%
Ungarn
58%
Serbien
56%
Bosnien und Herzegowina
55%
Schweden
55%
Albanien
49%
Finnland
49%
Montenegro
49%
Norwegen
47%
Nordmazedonien
46%
Kosovo
44%

Verteilung der Resultate

Perzentil nach korrekt beantworteten Fragen

Anzahl Personen mit jedem Resultat

Ihre Resultats-Entwicklung

Sie haben dieses Quiz noch nicht gespielt